High voltage engineering / (Record no. 126983)
[ view plain ]
| 000 -LEADER | |
|---|---|
| fixed length control field | 00848nam a22002537a 4500 |
| 005 - DATE AND TIME OF LATEST TRANSACTION | |
| control field | 20170124110018.0 |
| 010 ## - LIBRARY OF CONGRESS CONTROL NUMBER | |
| LC control number | A-725117 |
| 020 ## - INTERNATIONAL STANDARD BOOK NUMBER | |
| Terms of availability | 00.00 |
| International Standard Book Number | 0074622862 |
| 035 ## - SYSTEM CONTROL NUMBER | |
| System control number | A-725117 |
| 037 ## - SOURCE OF ACQUISITION | |
| Source of stock number/acquisition | Cen Lib/Ret |
| 040 ## - CATALOGING SOURCE | |
| Original cataloging agency | DPL |
| Language of cataloging | EN |
| 082 ## - DEWEY DECIMAL CLASSIFICATION NUMBER | |
| Classification number | 621.3 |
| Item number | NAI |
| 100 ## - MAIN ENTRY--PERSONAL NAME | |
| Personal name | Naidu, M. S. |
| 9 (RLIN) | 19046 |
| 245 ## - TITLE STATEMENT | |
| Title | High voltage engineering / |
| Statement of responsibility, etc | by M S Naidu [and] V Kamaraju |
| 250 ## - EDITION STATEMENT | |
| Edition statement | 2nd ed |
| 260 ## - PUBLICATION, DISTRIBUTION, ETC. (IMPRINT) | |
| Place of publication, distribution, etc | New Delhi |
| Name of publisher, distributor, etc | Tata MsGraw-Hill Publishing |
| Date of publication, distribution, etc | 1995 |
| 270 ## - ADDRESS | |
| City | New Delhi |
| Postal code | 110002 |
| Address | 4/12, Asaf Ali Road |
| 300 ## - PHYSICAL DESCRIPTION | |
| Extent | xi, 372p. : |
| Dimensions | 20cm(Hb) |
| Other physical details | ill. |
| 500 ## - GENERAL NOTE | |
| General note | Includes index |
| 650 ## - SUBJECT ADDED ENTRY--TOPICAL TERM | |
| Topical term or geographic name as entry element | Electrical engineering. |
| 9 (RLIN) | 89957 |
| 650 ## - SUBJECT ADDED ENTRY--TOPICAL TERM | |
| Topical term or geographic name as entry element | High voltages. |
| 9 (RLIN) | 19048 |
| 700 ## - ADDED ENTRY--PERSONAL NAME | |
| Personal name | Kamaraju, V |
| 9 (RLIN) | 19049 |
| 942 ## - ADDED ENTRY ELEMENTS (KOHA) | |
| Source of classification or shelving scheme | Dewey Decimal Classification |
| Koha item type | English Books |
| Classification part | 621.3 |
| Call number suffix | NAI |
| Withdrawn status | Lost status | Damaged status | Not for loan | Home library | Current library | Date acquired | Source of acquisition | Cost, normal purchase price | Total Checkouts | Total Renewals | Full call number | Barcode | Date last seen | Date checked out | Copy number | Cost, replacement price | Price effective from | Koha item type |
|---|---|---|---|---|---|---|---|---|---|---|---|---|---|---|---|---|---|---|
| Central Library | Central Library | 27/06/2015 | Cen Lib/Ret | 0.00 | 1 | 2 | 621.3 NAI | A-725117 | 27/02/2021 | 12/01/2021 | 1 | 0.00 | 27/06/2015 | English Books |
